| 000 | 00648nam a22002297a 4500 | ||
|---|---|---|---|
| 008 | 130826b xxu||||| |||| 00| 0 eng d | ||
| 020 | _a0415198860 | ||
| 024 | _cAvailable | ||
| 037 | _cAvailable | ||
| 040 |
_aMBSTU Lbrary _dMBSTU Lbrary |
||
| 082 | _a363.7 | ||
| 100 | _aJane Roberts | ||
| 245 | _aEnvironmental Policy | ||
| 260 |
_aLondon _bRoutledge _c2004 |
||
| 300 |
_a23 cm _b240 Page _f1 _g23 cm |
||
| 600 | _2Environmental Problems | ||
| 700 | _aJane Roberts | ||
| 270 |
_aLondon _blondon _duk |
||
| 365 |
_b2140.00 _d2140.00 |
||
| 942 |
_2ddc _cBK |
||
| 999 |
_c630 _d630 |
||